Electoral reforms: law and institutions of India and world (Record no. 493085)

000 -LEADER
fixed length control field 00470cam a22001577a 4500
008 - FIXED-LENGTH DATA ELEMENTS--GENERAL INFORMATION
fixed length control field 180718b2004 xxu||||| |||| 00| 0 eng d
020 ## - INTERNATIONAL STANDARD BOOK NUMBER
International Standard Book Number 8185040850
082 ## - DEWEY DECIMAL CLASSIFICATION NUMBER
Classification number F8x54 R188
100 ## - MAIN ENTRY--PERSONAL NAME
Personal name Rathnaswamy, P.
245 ## - TITLE STATEMENT
Title Electoral reforms: law and institutions of India and world
Statement of responsibility, etc. by P. Rathnaswamy
260 ## - PUBLICATION, DISTRIBUTION, ETC.
Place of publication, distribution, etc. New Delhi
Name of publisher, distributor, etc. Bookwell
Date of publication, distribution, etc. 2004
300 ## - PHYSICAL DESCRIPTION
Extent 456p.
650 ## - SUBJECT ADDED ENTRY--TOPICAL TERM
Topical term or geographic name entry element Election law
650 ## - SUBJECT ADDED ENTRY--TOPICAL TERM
Topical term or geographic name entry element Elections --Social aspects --India
650 ## - SUBJECT ADDED ENTRY--TOPICAL TERM
Topical term or geographic name entry element Election law --India
Holdings
Withdrawn status Lost status Damaged status Not for loan Permanent Location Current Location Date acquired Full call number Barcode Date last seen Price effective from Koha item type
        Indian Institute of Public Administration Indian Institute of Public Administration 2018-08-04 F8x54 R188 GR17238 2018-08-04 2018-08-04 GR

Powered by Koha